LEADER 01436nam a2200301 u 4500 001 000000039253 003 CaOOAMICUS 005 20071203125531.0 008 980507s1971 it u000 u ita u 035 $a10793924 040 $aPUL(R)$bita 100 1 $aGalea, Daniel Ferdinando.$0(OLS)http://pul/name/29227 245 10$aDe personalitate poenae in doctrina D. Covarruviae /$cDaniel Ferdinandus Galea. 260 $aRoma :$bInstitutum Utriusque Iuris Pontificiae Universitatis Lateranensis,$c1971. 300 $axiii, 244 p. ;$c24 cm 490 1 $aUtrumque ius ;$v2 500 $aInclude indici. 504 $aBibliografia: p. [IX]-XIII. 600 14$aCovarrubias y Leyva, Diego de,$cvesc. di Segovia,$d1512-1577.$0(OLS)http://pul/subject/18149 830 0$aUtrumque ius ;$v2.$0(OLS)http://pul/title/2556 850 $aPUL 852 $aPUL$W1$xDP2 Cons. Gen., Altre Classi 1$y61$m1386 G 1.2$j53390$nBK-PRI$qStampati$B53390$CPULBib$Z2$F53390 $H76337 $81 852 $aPUL$W1$xSL Diritto e Scienze Sociali 3$y79$m300 A 12.2$j53391$nBK-PRI$b $qDDC 21$B53391$CPULBib$Z2$F53391 $H41621 $82 941 1 $a9 941 1 $a8 961 $aINV: 76337 996 $6245$aDe personalitate poenae in doctrina D. Covarruviae$9(OLS)http://pul/title/53146 996 $6260$aRoma :$bInstitutum Utriusque Iuris Pontificiae Universitatis Lateranensis$9(OLS)http://pul/publisher/52798 LEADER 01361nam a2200313 a 4500 001 000000067314 003 CaOOAMICUS 005 20091118154444.0 008 020207s1990 it u000 u ita r 020 $a8840424075 035 $a10919788 040 $aPUL$bita$dCP 041 1 $aita$hheb 100 1 $aIbn Gabirol,$dc. 1022-c. 1070.$0(OLS)http://pul/name/10917 240 10$aCheter malchut.$lItaliano.$0(OLS)http://pul/title/89264 245 13$aLa corona regale /$cAvicebron = Cheter malchut / Sheloṃ ibn Gabirol ; a cura di Sergio J. Sierra. 260 $aFirenze :$bNardini,$c©1990. 300 $a84 p. ;$c24 cm 490 1 $aBiblioteca medievale ;$v6 700 1 $aSierra, Sergio J.$0(OLS)http://pul/name/22946 830 0$aBiblioteca medievale (Nardini) ;$v6.$0(OLS)http://pul/title/3327 850 $aPUL 852 $aPUL$W1$xSL Filosofia 1$y2$m110(1) C 6$j87077$nBK-PRI$b $qStampati$B87077$CPULBib$Z2$F87077 $H $81 852 $aPUL$W1$xDP1 Cons. Gen., Altre Classi 1$y22$m780 I 31$j135551$qStampati$B134526$CPULBib$Z2$F134526 $H65425 $82 941 1 $a8 961 $aINV: 68627 996 $6020$a8840424075$9(OLS)http://pul/number/87289 996 $6245$aLa corona regale$9(OLS)http://pul/title/89263 996 $6260$aFirenze :$bNardini$9(OLS)http://pul/publisher/47894